Normal view MARC view

Entry Topical Term

Number of records used in: 1

001 - CONTROL NUMBER

  • control field: 32810

003 - CONTROL NUMBER IDENTIFIER

  • control field: OSt

005 - DATE AND TIME OF LATEST TRANSACTION

  • control field: 20220912145100.0

008 - FIXED-LENGTH DATA ELEMENTS

  • fixed length control field: 220912|| aca||aabn | a|a d

040 ## - CATALOGING SOURCE

  • Original cataloging agency: OSt
  • Transcribing agency: OSt

150 ## - HEADING--TOPICAL TERM

  • Topical term or geographic name entry element: Long-term care, Social care, Funding, Delivery, Long-term care reform.

670 ## - SOURCE DATA FOUND

  • Source citation: Work cat.: (OSt): Roland, D. Forder, J. and Jones, K. 32809, State of the art what is out there and what can we learn? International evidence on funding and delivery of long-term care

Powered by Koha